Middlesex, Herts, Bucks, Hants and Dorset (borders), Suffolk (Record no. 116499)

MARC details
000 -LEADER
fixed length control field 01039cam a22002055a 4500
001 - CONTROL NUMBER
control field L140835
008 - FIXED-LENGTH DATA ELEMENTS--GENERAL INFORMATION
fixed length control field 071015s1935 xxk eng u
035 ## - SYSTEM CONTROL NUMBER
System control number (Sirsi) u140835
041 0# - LANGUAGE CODE
Language code of text/sound track or separate title eng
110 2# - MAIN ENTRY--CORPORATE NAME
Corporate name or jurisdiction name as entry element Ralph Pay and Taylor
9 (RLIN) 5390
245 0# - TITLE STATEMENT
Title Middlesex, Herts, Bucks, Hants and Dorset (borders), Suffolk
Remainder of title a freehold estate of shops, residences, building land, farms etc. situate at Northwood, Harefield, Rickmansworth, Chalfont Road, Speen near Wycombe, Princes Risborough, Leavesden Green near Watford, Wallisdown near Bournemouth, also farms in Suffolk for sale by auction on Tuesday 12th March 1935...
260 ## - PUBLICATION, DISTRIBUTION, ETC.
Place of publication, distribution, etc. S.l.
Name of publisher, distributor, etc. s.n.
Date of publication, distribution, etc. [1935]
300 ## - PHYSICAL DESCRIPTION
Extent 33 p.
Dimensions 36 cm.
Accompanying material +2 sheets (col. maps, 74 x 57 cm., folded to 25 x 20 cm., and 51 x 62 cm., folded to 25 x 16 cm.)
340 ## - PHYSICAL MEDIUM
Material base and configuration Printed
351 ## - ORGANIZATION AND ARRANGEMENT OF MATERIALS
Organization Single item
500 ## - GENERAL NOTE
General note Maps are housed in a pocket on the inside of the rear cover.
651 4# - SUBJECT ADDED ENTRY--GEOGRAPHIC NAME
Geographic name England
Chronological subdivision 886-
690 ## - LOCAL SUBJECT ADDED ENTRY--TOPICAL TERM (OCLC, RLIN)
Topical term or geographic name as entry element PROPERTY-PROPERTY ACQUISITION AND DISPOSAL-ACQUISITION AND DISPOSAL AT AUCTION
942 ## - ADDED ENTRY ELEMENTS (KOHA)
Suppress in OPAC 0
Holdings
Withdrawn status Lost status Source of classification or shelving scheme Damaged status Not for loan Home library Current library Shelving location Date acquired Total Checkouts Full call number Barcode Date last seen Copy number Price effective from Koha item type
    Dewey Decimal Classification     London London Basement 15/10/2007   BASEMENT BOX 2 30013201 06/08/2019 1 06/08/2019 Archive